How they said it : wise and witty letters from the famous and infamous

Bibliographic Details
Other Authors: Maggio, Rosalie
Format: Book
Language:English
Published: New Jersey : Prentical Hall Press 2000
Subjects:

MARC

LEADER 00000cam a2200000 7i4500
001 0000010268
005 20240918.0
008 030508 nju eng
020 |a 0735201323 (pbk) 
040 |a INS   |b eng   |e rda 
090 0 0 |a PN6130   |b .H68 2000 
245 1 0 |a How they said it :   |b wise and witty letters from the famous and infamous   |c Rosalie Maggio 
264 1 |a New Jersey :   |b Prentical Hall Press   |c 2000 
264 4 |c ©2000 
300 |a x, 332 pages ;   |c 24 cm. 
336 |a text  |2 rdacontent 
337 |a unmediated  |2 rdamedia 
338 |a volume  |2 rdacarrier 
500 |a Includes index 
650 0 |a Letters   |x Wit and humor 
700 1 |a Maggio, Rosalie 
999 |a 0000008681   |b BOOK   |c Open Shelf   |e Default branch